Proposition de loi organique modifient les dispositions du code électoral relatives a la composition de l'Assemblée Nationale et dy Sénat (Record no. 78857)
[ view plain ]
| 000 -CABECERA | |
|---|---|
| campo de control de longitud fija | 00581nam#a2200193#c#4500 |
| 003 - IDENTIFICADOR DEL NÚMERO DE CONTROL | |
| campo de control | IEF |
| 005 - FECHA Y HORA DE LA ÚLTIMA TRANSACCIÓN | |
| campo de control | 20180219163132.0 |
| 008 - CÓDIGOS DE INFORMACIÓN DE LONGITUD FIJA | |
| campo de control de longitud fija | 941205suuuu uuu####fr####| 0||u| |u |
| 040 ## - FUENTE DE LA CATALOGACIÓN | |
| Centro catalogador de origen | IEF |
| 110 2# - PUNTO DE ACCESO PRINCIPAL - NOMBRE DE ENTIDAD CORPORATIVA | |
| Nombre de entidad corporativa o nombre de jurisdicción como elemento inicial | Francia. Assemblée Nationale |
| 9 (RLIN) | 223 |
| 245 ## - MENCIÓN DE TÍTULO | |
| Título | Proposition de loi organique modifient les dispositions du code électoral relatives a la composition de l'Assemblée Nationale et dy Sénat |
| 300 ## - DESCRIPCIÓN FÍSICA | |
| Extensión | 3 p. |
| Dimensiones | 30 cm. |
| 490 ## - MENCIÓN DE SERIE | |
| Mención de serie | Assemblée Nationale ; 337 |
| 650 #4 - PUNTO DE ACCESO ADICIONAL DE MATERIA--TÉRMINO DE MATERIA | |
| Término de materia o nombre geográfico como elemento inicial | FRANCIA |
| 9 (RLIN) | 44475 |
| 650 #4 - PUNTO DE ACCESO ADICIONAL DE MATERIA--TÉRMINO DE MATERIA | |
| Término de materia o nombre geográfico como elemento inicial | ELECCIONES |
| 9 (RLIN) | 43408 |
| 942 ## - ELEMENTOS DE PUNTO DE ACCESO ADICIONAL (KOHA) | |
| Tipo de ítem Koha | Libros |
| 942 ## - ELEMENTOS DE PUNTO DE ACCESO ADICIONAL (KOHA) | |
| -- | 38808 |
| Estado de retiro | Estado de pérdida | Estado dañado | No para préstamo | Localización permanente | Fecha de adquisición | Signatura topográfica completa | Código de barras | Fecha visto por última vez | Precio válido a partir de | Tipo de ítem Koha |
|---|---|---|---|---|---|---|---|---|---|---|
| Disponible para préstamo | IEF | 1994-12-05 | C 724-14143 | C 724-14143 | 2018-02-19 | 2018-02-19 | Libros |